Catálogo de la Biblioteca Horacio González - Universidad Nacional de General Sarmiento

Héroes de ocasión o sopa de ganso (Registro nro. 54438)

Detalles MARC
000 -CABECERA
campo de control de longitud fija 01235ngm a22002890a 4500
001 - NÚMERO DE CONTROL
campo de control PT16741
003 - IDENTIFICADOR DEL NÚMERO DE CONTROL
campo de control AR-LpoUNG
005 - FECHA Y HORA DE LA ÚLTIMA TRANSACCIÓN
campo de control 20210202000238.0
007 - CAMPO FIJO DE DESCRIPCIÓN FÍSICA--INFORMACIÓN GENERAL
campo de control de longitud fija vd cvaizq
008 - DATOS DE LONGITUD FIJA--INFORMACIÓN GENERAL
campo de control de longitud fija 191001s1933||||ag |||||||||||||||||eng d
037 ## - FUENTE DE ADQUISICIÓN
Condiciones de disponibilidad $6.63
040 ## - FUENTE DE LA CATALOGACIÓN
Centro catalogador/agencia de origen AR-LpoUNG
Lengua de catalogación spa
Centro/agencia transcriptor AR-LpoUNG
Normas de descripción aacr
041 ## - CÓDIGO DE LENGUA
Código de lengua del texto/banda sonora o título independiente eng
-- spa
044 ## - CÓDIGO DEL PAÍS DE LA ENTIDAD EDITORA/PRODUCTORA
Código MARC del país ag
082 0# - NÚMERO DE LA CLASIFICACIÓN DECIMAL DEWEY
Número de clasificación 817 479her
100 1# - ENTRADA PRINCIPAL--NOMBRE DE PERSONA
Nombre de persona McCarey, Leo
Término indicativo de función/relación dir.
245 10 - MENCIÓN DE TÍTULO
Título Héroes de ocasión o sopa de ganso
260 ## - PUBLICACIÓN, DISTRIBUCIÓN, ETC.
Lugar de publicación, distribución, etc. Buenos Aires :
Nombre del editor, distribuidor, etc. Epoca Video,
Fecha de publicación, distribución, etc. [1933].
300 ## - DESCRIPCIÓN FÍSICA
Extensión VHS (70 min.) : son., byn
505 0# - NOTA DE CONTENIDO CON FORMATO
Nota de contenido con formato Guión: Bert Kalmar ; fotografía: Henry Sharp. música: Berth Kalmar. - Diálogos en inglés, subtítulos en castellano
520 ## - SUMARIO, ETC.
Sumario, etc. La presente es una de las películas cumbres de los hermanos Marx. Estando vacias las arcas de Fredonia, hay que dirigirse a la riquisima Mrs. Teasdale, quien impone como nuevo jefe de Estado a Rufus T. Firefly, quien cometerá una serie de desaguisados que culminaran en una guerra entre Fredonia y Silvania, en que todas las fuerzas son movilizadas, incluyendo todos los animales del zoológico.
651 #4 - PUNTO DE ACCESO ADICIONAL DE MATERIA--NOMBRE GEOGRÁFICO
Nombre geográfico Estados Unidos de América
653 ## - TÉRMINO DE INDIZACIÓN--NO CONTROLADO
Término no controlado VIDEOS
710 2# - PUNTO DE ACCESO ADICIONAL--NOMBRE DE ENTIDAD CORPORATIVA
Nombre de entidad corporativa o nombre de jurisdicción como elemento de entrada Paramount (firma comercial)
905 ## - ELEMENTOS DE DATOS E LOCAL, LDE (RLIN)
a 16741
942 ## - ELEMENTOS DE PUNTO DE ACCESO ADICIONAL (KOHA)
Tipo de ítem Koha Video
Existencias
Estado de retiro Estado de pérdida Estado dañado No para préstamo Código de colección Localización permanente Ubicación/localización actual Fecha de adquisición Total de préstamos Signatura topográfica completa Código de barras Fecha visto por última vez Precio válido a partir de Tipo de ítem Koha
        Colección Cine Biblioteca Universidad Nacional de General Sarmiento Biblioteca Universidad Nacional de General Sarmiento 02/02/2021   817 479her 00018417 02/02/2021 02/02/2021 Video